000 00473nam a22001577a 4500
003 OSt
005 20260123123501.0
008 260123b |||||||| |||| 00| 0 eng d
040 _cMRSPTU
041 _aEnglish
100 _aRahul Garg, Supervisor: Naresh Kumar Garg
245 _aLine Segmentation of Handwritten Devanagari Text Using Projection Profile Method
260 _bDepartment of CSE, MRSPTU, Bathinda
_c2014
650 _aComputer Science
942 _2ddc
_cTH
_n0
999 _c10736
_d10736